| 000 | 00574nam a2200193 a 4500 | ||
|---|---|---|---|
| 005 | 20240925065719.0 | ||
| 008 | 030521s1971 mx r 000 0 spa d | ||
| 020 | _a812901800 | ||
| 035 | _aUPN01000124440 | ||
| 049 | _aCG | ||
| 050 | 4 |
_aT14.5 _bS3.5 |
|
| 100 | 1 | _aSchwartz, Eugene S. | |
| 245 | 0 |
_aOverskill : _bthe decline of technology in modern civilization / _cEugene S. Schwartz. |
|
| 260 |
_aChicago (E.U.A.) : _bQuadrangle books, _c1971. |
||
| 300 | _ax, 338 p. | ||
| 650 | 4 |
_aTecnología y civilización _99784 |
|
| 650 | 7 |
_aTecnología _2 _911976 |
|
| 905 | _aLibro | ||
| 999 |
_c96619 _d96619 |
||